Statistiche per Trasferimenti più costosi - Stagione 2015-2016

Clicka qui per fare il quiz!

Statistiche generali

  • Questo quiz è stato fatto 19 volte
  • Il punteggio medio è 12 su 20

Statistiche sulle risposte

Costo (M €)DaANazioneCalciatore% Corretto
63Manchester UnitedParis Saint-GermainArgentinaAngel Di Maria
100%
76WolfsburgManchester CityBelgioKevin De Bruyne
100%
39,25JuventusBayern MonacoCileArturo Vidal
94%
36MonacoInterFrancia/Repubblica CentrafricanaGoeffrey Kondogbia
89%
38InterReal MadridCroaziaMateo Kovacic
89%
41PalermoJuventusArgentinaPaulo Dybala
89%
32RomaJuventusBosniaMiralem Pjanic
83%
33,30SivigliaMilanColombiaCarlos Bacca
78%
63,70LiverpoolManchester CityInghilterraRaheem Sterling
78%
34Atletico MadridBarcellonaTurchiaArda Turan
72%
41HoffenheimLiverpoolBrasileRoberto Firmino
72%
60MonacoManchester UnitedFranciaAnthony Martial
61%
34PSVManchester UnitedOlandaMemphis Depay
50%
44,50ValenciaManchester CityArgentinaNicolas Otamendi
50%
46,50Aston VillaLiverpoolBelgioChristian Benteke
33%
42Atletico MadridGZ EvergrandeColombiaJackson Martinez
33%
35PortoAtletico MadridColombiaJackson Martinez
33%
43Schalke 04WolfsburgGermaniaJulian Draxler
17%
50Shakhtar DonetskJS SuningBrasileAlex Teixeira
11%
35SouthamptonManchester UnitedFranciaMorgan Schneiderlin
6%

Distribuzione punteggi

Percentile per numero di risposta

Percentuale di utenti per punteggio

I tuoi punteggi nel tempo

Non hai fatto questo quiz